000 01291nam a2200349Ia 4500
001 ebr10662870
003 CaPaEBR
006 m u
007 cr cn|||||||||
008 050415s2006 nyua sb 001 0 eng d
010 _z 2005010806
020 _z9781594544316
020 _z9781612091372
020 _z159454431X
040 _aCaPaEBR
_cCaPaEBR
035 _a(OCoLC)727952103
050 1 4 _aBF697
_b.P69 2006eb
082 0 4 _a155.2/5
_222
245 0 0 _aPossible selves
_h[electronic resource] :
_btheory, research and applications /
_cCurtis Dunkel and Jennifer Kerpelman, editors.
260 _aNew York :
_bNova Science Publishers,
_cc2006.
300 _axiv, 236 p. :
_bill.
504 _aIncludes bibliographical references and index.
533 _aElectronic reproduction.
_bPalo Alto, Calif. :
_cebrary,
_d2013.
_nAvailable via World Wide Web.
_nAccess may be limited to ebrary affiliated libraries.
650 0 _aSelf.
650 0 _aSelf-perception.
650 0 _aIdentity (Psychology)
655 7 _aElectronic books.
_2local
700 1 _aDunkel, Curtis.
700 1 _aKerpelman, Jennifer.
710 2 _aebrary, Inc.
856 4 0 _uhttp://site.ebrary.com/lib/rucke/Doc?id=10662870
_zAn electronic book accessible through the World Wide Web; click to view
999 _c70003
_d70003